Prácticas integradas de química orgánica
Salvato in:
| Autori principali: | , , , , , , |
|---|---|
| Natura: | Libro |
| Lingua: | spagnolo |
| Pubblicazione: |
Madrid
Universidad Nacional de Educación a Distancia
2003
|
| Edizione: | 1a. ed |
| Serie: | Cuaderno de Prácticas
|
| Soggetti: | |
| Tags: |
Aggiungi Tag
Nessun Tag, puoi essere il primo ad aggiungerne!!
|
MARC
| LEADER | 00000nam a2200000 a 4500 | ||
|---|---|---|---|
| 001 | UCK8292 | ||
| 003 | CL-VaPUC | ||
| 008 | 060310e20030000SP |||||||||||||||||spa|d | ||
| 020 | |a 8436249011 | ||
| 082 | 0 | 4 | |a 547 |b BAL |2 21 |
| 100 | 0 | |a Ballestero García, Paloma |e author |9 498068 | |
| 700 | 0 | |a Cabildo Miranda, María del Pilar |e author |9 498069 | |
| 700 | 0 | |a Claramunt Vallespí, Rosa María |e author |9 498070 | |
| 700 | 0 | |a García Fraile, Amelia |e author |9 498071 | |
| 700 | 0 | |a López García, Concepción |e author |9 498072 | |
| 700 | 0 | |a Sanz del Castillo, Dionisia |e author |9 498073 | |
| 700 | 0 | |a Teso Vilar, Enrique |e author |9 498074 | |
| 245 | 1 | 0 | |a Prácticas integradas de química orgánica |
| 250 | |a 1a. ed | ||
| 300 | |a 158 p | ||
| 942 | |c BK | ||
| 945 | |d 20060310 00:00:00 |a jtorresc | ||
| 260 | |a Madrid |b Universidad Nacional de Educación a Distancia |c 2003 | ||
| 650 | 0 | |a Química orgánica |9 259426 | |
| 650 | 7 | |a COMPUESTOS ORGANICOS |2 CL-VaPUC |9 306788 | |
| 650 | 0 | |a Electromagnetismo |9 260123 | |
| 650 | 0 | |a Reacciones químicas |9 259438 | |
| 583 | |a last modification |c 20060310 00:00:00 |k Rodrigo Vera | ||
| 490 | 0 | |a Cuaderno de Prácticas | |
| 999 | |c 316005 |d 316003 | ||
| 952 | |0 0 |1 0 |4 0 |6 547_000000000000000_BAL_2003 |7 0 |8 A |9 389999 |a BIBCUR |b BIBCUR |d 2019-11-22 |i 4209672 |o 547 BAL 2003 |p 4209672 |r 2025-04-22 |w 2019-11-22 |y BK |k QUI | ||
| 952 | |0 0 |1 0 |4 0 |6 547_000000000000000_BAL_2003 |7 0 |8 A |9 390000 |a BIBCUR |b BIBCUR |d 2019-11-22 |i 4209680 |o 547 BAL 2003 |p 4209680 |r 2025-04-22 |w 2019-11-22 |y BK |k QUI | ||